[Event "MNE-ch 76th"]
[Site "Podgorica"]
[Date "2024.02.08"]
[Round "3"]
[White "Scekic, Veljko"]
[Black "Popovic, Mateja"]
[Result "1/2-1/2"]
[WhiteElo "2206"]
[BlackElo "1880"]
[PlyCount "73"]
[EventDate "2024.02.06"]
[EventType "swiss"]
[EventRounds "11"]
[EventCountry "MNE"]
[SourceTitle "CB08_2024"]
[SourceDate "2024.02.21"]
[SourceVersion "1"]
[SourceVersionDate "2024.02.21"]
[SourceQuality "1"]

1. e4 c5 2. Nf3 d6 3. d4 cxd4 4. Nxd4 Nc6 5. Nc3 Nf6 6. Be2 g6 7. Be3 Bg7 8. 0-0 0-0 9. h3 e6 10. Qd2 d5 11. exd5 Nxd5 12. Nxd5 Nxd4 13. Bxd4 Qxd5 14. Rfd1 Rd8 15. c3 e5 16. Be3 Qxd2 17. Bxd2 Be6 18. Bf3 f5 19. Bg5 Rxd1+ 20. Rxd1 e4 21. Be2 h6 22. Be3 b6 23. a4 g5 24. Rd6 Kf7 25. a5 Ke7 26. Rd1 f4 27. Bd4 Bxd4 28. Rxd4 bxa5 29. Rxe4 Kf6 30. Ra4 Rb8 31. b4 axb4 32. cxb4 Rb7 33. Ra6 Rxb4 34. Rxa7 Rb6 35. Rh7 Kg6 36. Bd3+ Bf5 37. Bxf5+ 1/2-1/2

[Event "MNT-ch 74th"]
[Site "Podgorica"]
[Date "2022.02.19"]
[Round "1"]
[White "Pekic, Momcilo"]
[Black "Scekic, Veljko"]
[Result "0-1"]
[WhiteElo "1602"]
[BlackElo "2204"]
[PlyCount "60"]
[EventDate "2022.02.19"]
[EventType "swiss"]
[EventRounds "9"]
[EventCountry "MNE"]
[SourceTitle "EXT 2023"]
[Source "ChessBase"]
[SourceDate "2022.10.05"]
[SourceVersion "1"]
[SourceVersionDate "2022.10.05"]
[SourceQuality "1"]

1. e4 e5 2. Nf3 Nf6 3. Nxe5 d6 4. Nf3 Nxe4 5. d4 d5 6. Bd3 Bd6 7. 0-0 0-0 8. Nbd2 Bf5 9. Re1 Re8 10. Nf1 c6 11. Ng3 Bg6 12. c3 Nd7 13. Qc2 Qc7 14. Bd2 Ndf6 15. Nh4 Nxd2 16. Nxg6 Nf3+ 17. gxf3 hxg6 18. Kg2 Nh7 19. h4 Nf6 20. a4 a5 21. Rh1 Re7 22. Rae1 Rae8 23. Rxe7 Rxe7 24. Qd1 Bxg3 25. fxg3 Nh5 26. f4 Re3 27. Rh3 Qd7 28. Be2 Nxf4+ 29. gxf4 Qxh3+ 30. Kf2 Qg3+ 0-1

[Event "Belgrade Trophy 35th"]
[Site "Belgrade"]
[Date "2021.11.27"]
[Round "4"]
[White "Scekic, Veljko"]
[Black "Chelushkina, Irina"]
[Result "1-0"]
[WhiteElo "2203"]
[BlackElo "2192"]
[PlyCount "127"]
[EventDate "2021.11.24"]
[EventType "swiss"]
[EventRounds "9"]
[EventCountry "SRB"]
[SourceTitle "CBM 205 Extra"]
[Source "ChessBase"]
[SourceDate "2022.01.31"]
[SourceVersion "1"]
[SourceVersionDate "2022.01.31"]
[SourceQuality "1"]

1. Nf3 e6 2. c4 f5 3. b3 Nf6 4. Bb2 Be7 5. g3 0-0 6. Bg2 a5 7. Nc3 d5 8. 0-0 c6 9. d4 Na6 10. Ne5 Bd6 11. Nd3 b6 12. a3 Bb7 13. e3 Ne4 14. Qe1 Nb8 15. f3 Nxc3 16. Qxc3 Qg5 17. e4 Rc8 18. f4 Qg6 19. exf5 Qxf5 20. Nf2 Qg6 21. Rfe1 Nd7 22. Qe3 Nf8 23. Nd3 Ba6 24. Bf1 a4 25. Nb4 Bb7 26. c5 Bc7 27. bxa4 Qf6 28. Rab1 Rxa4 29. Bd3 b5 30. Bc2 Raa8 31. Nd3 Ra7 32. h4 Rca8 33. Nf2 Bc8 34. Ng4 Qf7 35. Rf1 Bd7 36. Rf3 Qh5 37. Nf2 Be8 38. Rf1 Bg6 39. Bxg6 Qxg6 40. Nd3 Rc8 41. Kg2 Qe4 42. Qf2 Ra4 43. Re1 Qf5 44. Rfe3 Raa8 45. Qf3 h5 46. R1e2 g6 47. Ne5 Bxe5 48. Rxe5 Qf7 49. g4 hxg4 50. Qxg4 Rc7 51. Kg3 Qh7 52. Rg5 Rg7 53. Rxe6 b4 54. Re3 bxa3 55. Bxa3 Re7 56. Bc1 Rxe3+ 57. Bxe3 Ra3 58. Re5 Qb7 59. f5 Qb1 60. Kf4 Qf1+ 61. Kg5 Qe1 62. Bf4 Qf2 63. fxg6 Ra7 64. Re8 1-0

[Event "MNT-chT 1st League"]
[Site "Sutomore"]
[Date "2021.08.01"]
[Round "2.3"]
[White "Milanovic, Slavisa"]
[Black "Scekic, Veljko"]
[Result "1-0"]
[WhiteElo "2302"]
[BlackElo "2212"]
[PlyCount "69"]
[EventDate "2021.07.31"]
[EventType "team-tourn"]
[EventRounds "9"]
[EventCountry "MNE"]
[SourceTitle "EXT 2022"]
[Source "ChessBase"]
[SourceDate "2021.10.06"]
[SourceVersion "1"]
[SourceVersionDate "2021.10.06"]
[SourceQuality "1"]
[WhiteTeam "Rudar"]
[BlackTeam "Herceg Novi"]
[WhiteTeamCountry "MNE"]
[BlackTeamCountry "MNE"]

1. Nf3 d5 2. d4 Nf6 3. c4 c6 4. Nc3 e6 5. e3 Bd6 6. Qc2 Nbd7 7. Bd3 dxc4 8. Bxc4 e5 9. 0-0 0-0 10. a3 Qe7 11. h3 b5 12. Ba2 Bb7 13. dxe5 Nxe5 14. Nd4 g6 15. e4 Nh5 16. Nce2 a6 17. f4 Nc4 18. e5 Nxe5 19. fxe5 Qxe5 20. Nf3 Bc5+ 21. Rf2 Bxf2+ 22. Kxf2 Qe7 23. Bg5 Qc7 24. Qc5 Rfe8 25. g4 Rxe2+ 26. Kxe2 Ng3+ 27. Kd3 Re8 28. Re1 Qd7+ 29. Kc2 Ne4 30. Rxe4 Rxe4 31. Ne5 Re2+ 32. Kc3 Qd1 33. Bxf7+ Kg7 34. Qe7 b4+ 35. Kxb4 1-0

[Event "MNT-ch 73rd"]
[Site "Podgorica"]
[Date "2021.05.10"]
[Round "9"]
[White "Scekic, Veljko"]
[Black "Pecurica, Milos"]
[Result "0-1"]
[WhiteElo "2224"]
[BlackElo "2328"]
[PlyCount "42"]
[EventDate "2021.05.03"]
[EventType "swiss"]
[EventRounds "9"]
[EventCountry "MNE"]
[SourceTitle "CBM 202 Extra"]
[Source "ChessBase"]
[SourceDate "2021.07.31"]
[SourceVersion "1"]
[SourceVersionDate "2021.07.31"]
[SourceQuality "1"]

1. Nf3 d5 2. b3 Nf6 3. g3 e6 4. c4 d4 5. Bg2 c5 6. e3 Nc6 7. exd4 cxd4 8. d3 Be7 9. 0-0 Nd7 10. Bb2 e5 11. a3 a5 12. Nbd2 0-0 13. Re1 Re8 14. h3 Ra6 15. Qc2 Qc7 16. Nf1 Nc5 17. N3d2 Rb6 18. g4 f5 19. f4 fxg4 20. fxe5 gxh3 21. Bd5+ Kh8 0-1

[Event "MNT-ch 73rd"]
[Site "Podgorica"]
[Date "2021.05.09"]
[Round "8"]
[White "Musovic, Armin"]
[Black "Scekic, Veljko"]
[Result "1-0"]
[WhiteElo "2258"]
[BlackElo "2224"]
[PlyCount "67"]
[EventDate "2021.05.03"]
[EventType "swiss"]
[EventRounds "9"]
[EventCountry "MNE"]
[SourceTitle "CBM 202 Extra"]
[Source "ChessBase"]
[SourceDate "2021.07.31"]
[SourceVersion "1"]
[SourceVersionDate "2021.07.31"]
[SourceQuality "1"]

1. e4 c5 2. c3 d6 3. d4 Nf6 4. Bd3 g6 5. e5 dxe5 6. dxe5 Nfd7 7. f4 Nc6 8. Qc2 Nb6 9. Nf3 Bg7 10. 0-0 0-0 11. Rd1 Qc7 12. Qf2 c4 13. Be2 f6 14. exf6 exf6 15. Na3 Be6 16. Be3 Rfd8 17. Nb5 Qf7 18. Rxd8+ Rxd8 19. Nxa7 Nd5 20. Bb6 Rb8 21. Bxc4 Nxf4 22. Bxe6 Nxe6 23. Nxc6 bxc6 24. a4 Bf8 25. a5 Rxb6 26. axb6 Bc5 27. Ra8+ Kg7 28. Ra7 Bxf2+ 29. Kxf2 Nd8 30. Rxf7+ Kxf7 31. b4 Ke6 32. Nd4+ Kd5 33. Ke3 Nb7 34. Nb3 1-0

[Event "MNT-chT"]
[Site "Podgorica"]
[Date "2020.10.10"]
[Round "3.5"]
[White "Scekic, Veljko"]
[Black "Raicevic, Momcilo"]
[Result "0-1"]
[WhiteElo "2219"]
[BlackElo "2303"]
[PlyCount "94"]
[EventDate "2020.10.09"]
[EventType "team-tourn"]
[EventRounds "9"]
[EventCountry "MNE"]
[SourceTitle "CBM 198 Extra"]
[Source "ChessBase"]
[SourceDate "2020.11.30"]
[SourceVersion "1"]
[SourceVersionDate "2020.11.30"]
[SourceQuality "1"]
[WhiteTeam "Herceg Novi"]
[BlackTeam "Rudar"]
[WhiteTeamCountry "MNE"]
[BlackTeamCountry "MNE"]

1. Nf3 Nf6 2. c4 c6 3. b3 g6 4. Bb2 Bg7 5. g3 0-0 6. Bg2 d5 7. 0-0 a5 8. cxd5 cxd5 9. Nc3 Nc6 10. d4 Bf5 11. Ne5 Ne4 12. Nxc6 bxc6 13. Na4 Qb8 14. Rc1 Rc8 15. Re1 Ra7 16. f3 Nf6 17. e4 dxe4 18. fxe4 Bg4 19. Qd2 h5 20. Rf1 e5 21. dxe5 Nd7 22. e6 Bxe6 23. Bxg7 Kxg7 24. Qd4+ Kg8 25. Rc2 Rb7 26. Rfc1 Rb4 27. Qd2 Qa7+ 28. Kh1 Qd4 29. Qe2 c5 30. Rd2 Qe5 31. Qa6 Nf6 32. Qxa5 Rxe4 33. Rdd1 Re2 34. Re1 Ng4 35. Rxe2 Qxe2 36. Qe1 Qxa2 37. Rxc5 Rd8 38. h3 Qxb3 39. Nc3 Nf6 40. Qf2 Kg7 41. Kh2 h4 42. gxh4 Rd3 43. h5 Nxh5 44. Ne4 Qb8+ 45. Kg1 Rd1+ 46. Bf1 Bxh3 47. Nd2 Qg3+ 0-1

[Event "EU-ch Amateur U2300"]
[Site "Niksic"]
[Date "2018.06.16"]
[Round "4"]
[White "Scekic, Veljko"]
[Black "Zherebtsova, Alexandra"]
[Result "1/2-1/2"]
[WhiteElo "2226"]
[BlackElo "2195"]
[PlyCount "81"]
[EventDate "2018.06.14"]
[EventType "swiss"]
[EventRounds "9"]
[EventCountry "MNE"]
[SourceTitle "CBM 185 Extra"]
[Source "ChessBase"]
[SourceDate "2018.07.29"]
[SourceVersion "1"]
[SourceVersionDate "2018.07.29"]
[SourceQuality "1"]

1. Nf3 d5 2. b3 Nf6 3. Bb2 g6 4. g3 Bg7 5. Bg2 0-0 6. c4 c6 7. 0-0 b6 8. d4 Bb7 9. Nbd2 Nbd7 10. Qc2 Rc8 11. e4 dxe4 12. Nxe4 Qc7 13. Ned2 Rfe8 14. Rfe1 Qd6 15. Rad1 Ba8 16. Ne5 c5 17. Bxa8 Rxa8 18. Nxd7 Nxd7 19. Ne4 Qc7 20. dxc5 Nxc5 21. Nxc5 Qxc5 22. Bxg7 Kxg7 23. Rd5 Qc7 24. Red1 Rad8 25. Qc3+ f6 26. Qd4 Rxd5 27. Qxd5 e6 28. Qd4 Kf7 29. Qd2 Kg7 30. a4 Re7 31. Qd3 Qc5 32. Qc3 Qc6 33. Qd2 Qc5 34. h4 e5 35. Qc3 Qc6 36. Qd3 Qc5 37. Qf3 e4 38. Qe3 Qxe3 39. fxe3 Kf7 40. Rd5 Ke6 41. Rd4 1/2-1/2